| 000 | 01513nam a22003857a 4500 | ||
|---|---|---|---|
| 001 | 00290 | ||
| 003 | DO-SdBNP | ||
| 005 | 20180309120057.0 | ||
| 007 | 00290 | ||
| 008 | 160504b dr 2008||||| |||| 00| 0 spa d | ||
| 020 | _a9789945112160 (v. 1) Guía | ||
| 020 | _a9789945112320 (v. 1) Cuaderno | ||
| 040 |
_aBPMSU _bspa _cBPMSU |
||
| 092 |
_a372.357 _bN285e 1ro. 2008 |
||
| 100 | 1 | _aQuírico, María | |
| 245 | 1 |
_aNaturaleza 1 : _beducación básica / _cMaría Quírico, Claudia Llibre ; dirección editorial Obdulia García de Escobar |
|
| 260 |
_aSanto Domingo : _bSantillana, _c2008 |
||
| 300 |
_a2 v. : _bil., retrs. _c30 cm. |
||
| 490 | 1 | _aCoral | |
| 500 | _aLa biblioteca posee la guía y el cuaderno | ||
| 505 | _aUnidad 1. Mi cuerpo -- Unidad 2. Cuido la vida -- Unidad 3. Nuestro planeta -- Unidad 4. Habitantes del planeta -- Unidad 5. La materia -- Unidad 6. Los alimentos -- Unidad 7. La tecnología en la casa | ||
| 650 | 4 |
_aCIENCIAS NATURALES _xENSEÑANZA BÁSICA |
|
| 650 | 4 |
_aCIENCIAS NATURALES _xESTUDIOS Y EJERCICIOS |
|
| 650 | 4 |
_aCIENCIAS NATURALES _xLIBROS DE TEXTOS |
|
| 650 | 4 |
_aCIENCIAS NATURALES _xEDUCACIÓN PRIMARIA |
|
| 650 | 4 |
_aEDUCACIÓN PRIMARIA _zREPÚBLICA DOMINICANA |
|
| 650 | 4 | _aESTUDIO DE LA NATURALEZA | |
| 700 | 1 | 2 | _aLlibre, Claudia |
| 700 | 1 | 2 |
_aGarcía de Escobar, Obdulia, _eed. |
| 830 | 0 | _aCoral | |
| 910 | _aValidado. Control de calidad MFF | ||
| 942 |
_2ddc _cBK |
||
| 945 | _aRemanejado para la BNPHU / 2018 VM | ||
| 956 | _aBTAVÁREZ | ||
| 999 |
_c9979 _d9979 |
||